Integrácia a obchod z pohľadu ekonomickej teórie

Enregistré dans:
Détails bibliographiques
Auteur principal: Kittová, Zuzana, 1975-
Format: Chapitre de livre
Langue:slovaque
Sujets:
Tags: Ajouter un tag
Pas de tags, Soyez le premier à ajouter un tag!

MARC

LEADER 00000naa$a2200000$$$4500
001 0251458
005 20240502074032.4
041 0 |a slo 
044 |a SK 
245 1 0 |a Integrácia a obchod z pohľadu ekonomickej teórie  |c Zuzana Kittová 
610 2 0 |a integrácia 
610 2 0 |a obchod 
610 2 0 |a integrácia ekonomická 
610 2 0 |a teórie ekonomické 
100 1 |a Kittová, Zuzana, 1975-